[Event "West Wales Open"]
[Site "?"]
[Date "2022.11.12"]
[Round "3.13"]
[White "Thomas, Mark"]
[Black "Thomas, Roy"]
[Result "0-1"]
[WhiteElo "1816"]
[BlackElo "1659"]
[Annotator "kemen"]
[PlyCount "54"]
[EventDate "2022.11.12"]
[SourceVersionDate "2022.11.14"]

{[%evp 0,18,27,14,52,9,17,21,21,21,28,4,21,16,79,35,26,12,34,25,45]} 1. e4 c5
2. c3 (2. Nc3 Nc6 3. f4 g6 4. Nf3 Bg7 5. Bb5 Nd4 6. O-O Nxb5 7. Nxb5 Nf6 8. d3
O-O 9. c4 a6 10. Nc3 d6 11. Qe1 {M Thomas-R Thomas, WLs Major Open 2022,1-0})
2... Nf6 3. e5 Nd5 4. Nf3 Nc6 5. d4 cxd4 6. cxd4 g6 (6... d6 {main} 7. Bc4 Nb6
8. Bb3 dxe5 9. d5 Na5 10. Nc3 Nxb3 11. Qxb3 f6 {M Thomas-Musson, Rd1
WWopen2022, 0-1}) (6... e6 {main lines}) 7. Bc4 Nb6 8. Bb3 Bg7 9. a4 (9. O-O
O-O 10. Nc3 d6 11. exd6 Qxd6 12. Nb5 Qd8 13. d5 Na5 14. d6 {2-5-2}) 9... a5 10.
Qe2 (10. Nc3 {2-1-1}) 10... O-O $146 (10... d6 11. h3 O-O 12. O-O $14 {1-2}) (
10... d5 11. h3 Bf5 12. O-O O-O 13. Nc3 $16 {Schulze-Hostika, Wuerttemberg
Oberliga 2018,0-1} (13. Rd1 $16 {Jahn-Bindrich, Oberliga Ost, 2004,0-1})) 11.
d5 $16 Nb4 12. Nc3 d6 13. e6 h6 {second line- KomodoDragon3} (13... fxe6 14.
dxe6 Ra6 15. O-O Na8 16. Bd2 Nc7 17. Nb5 $16 {KD3}) (13... Bxc3+ 14. bxc3 N4xd5
$11 {Fritz13} 15. exf7+ Rxf7 16. c4 Nb4 17. Ng5 Rf5 18. O-O e6 19. Ne4 $18 {KD3
}) 14. h4 (14. Nh4 fxe6 15. dxe6 g5 16. Nf3 d5 17. O-O Ra6 18. h4 $16 {KD3})
14... fxe6 {Fritz13} (14... Ra6 15. O-O fxe6 16. dxe6 d5 17. Rd1 $18 {KD3}) 15.
dxe6 d5 16. Nb5 (16. O-O $18 Rf6 17. Be3 Bxe6 (17... Rxe6 18. Rad1 Bd7 19. Rfe1
$18 {KD3}) 18. Bd4 Bg4 19. Bxf6 Bxf6 20. Qe3 $18 {KD3}) 16... Rf6 (16... Nc4 {
both Engines- F13 +, KD3 slight Wh advantage}) 17. Nfd4 Nc6 18. O-O Nxd4 19.
Nxd4 Qd6 {F23- slight Wh edge; KD3 definite plus for Wh} 20. Re1 Qb4 21. Be3 (
21. Rd1 $18 {KD3}) (21. Qe3 {F13 definite plus for Wh; KD£ Wh is winning})
21... Bxe6 22. Nxe6 Rxe6 23. Qd3 Rd8 $2 (23... Rc6 {both Engines} 24. Bxd5+ (
24. Bd2 Qc5 25. Re2 Nc4 26. Bc3 $14 {KD3}) 24... Nxd5 25. Qxd5+ Kh7 26. h5 $14)
(23... Rd6 24. Rad1 Rf8 25. h5 $11 {KD3}) 24. Red1 (24. Bd2 $1 $18 {both
Engines} Rxe1+ 25. Rxe1 Qd6 (25... Qd4 26. Qxd4 Bxd4 27. Rxe7 $18) 26. Bxa5 Rf8
27. Rd1 {KD3- Bl has trouble defending pawns against the Two Bs, plus Wh has a
Q side majority}) 24... Red6 (24... Qxh4 $15 {both Engines}) 25. h5 (25. Bd2
Qxh4 26. Bxa5 $11 {both Engines}) 25... Nc4 $15 26. Bd2 Qb6 27. Bc1 (27. Rab1
Rf8 (27... Nxd2 28. Rxd2 gxh5 29. Re1 {F13 definite Bl plus; KD3 judges =}) 28.
Be1 Ne5 29. Qe3 e6 30. hxg6 h5 $15 {KD3}) 27... Rf8 (27... Rf8 $19 {both
Engines} 28. Be3 (28. Rf1 Bd4) 28... Nxe3 29. Qxe3 e6 30. hxg6 Qxe3 31. fxe3
Rb6 32. Rd3 Bxb2 $19) 0-1

[Event "West Wales Open"]
[Site "?"]
[Date "2022.11.13"]
[Round "4.1"]
[White "Fathallah, Joe"]
[Black "Golding, Alex"]
[Result "0-1"]
[WhiteElo "1979"]
[BlackElo "2312"]
[Annotator "kemen"]
[PlyCount "94"]
[EventDate "2022.11.12"]
[SourceVersionDate "2022.11.14"]

1. d4 Nf6 2. c4 d6 3. Nc3 e5 4. g3 (4. Nf3) (4. dxe5) (4. d5) 4... Nc6 (4...
Nbd7) (4... c6 {transpose to most games}) 5. d5 Nd4 (5... Ne7 {17 games, 53%
for Wh}) (5... Nb8 6. Bg2 {2-1}) 6. Bg2 (6. e3 Bg4 {Deep Fritz14} 7. Qa4+ (7.
f3 Nxf3+ 8. Nxf3 {Fritz16 =} e4 $15 {KomodoDragon3}) 7... Bd7 8. Qd1 Bg4 {
Rodatz-Hallbauer, Hamburg 1938, draw agreed}) 6... g6 7. e3 (7. h3 h5 8. e3 Nf5
9. e4 Nd4 10. Be3 Bg7 11. Nge2 Nxe2 12. Qxe2 h4 13. g4 Nh7 14. c5 $16 {KD3})
7... Nf5 8. e4 Ne7 9. Nf3 (9. Nge2 $16) 9... Bg7 10. O-O O-O 11. Ne1 (11. Be3 {
Stockfish10 & KD3}) 11... Nd7 12. Nd3 h6 13. Be3 f5 14. f4 (14. Qd2 Kh7 15. f4
{KD3}) 14... fxe4 15. Nxe4 Nf5 16. Bf2 (16. Bd2 exf4 17. Nxf4 Ne5 18. c5 $16 {
Stockfish 11 & 12; KD3}) 16... exf4 17. Nxf4 Ne5 $11 18. Rc1 (18. Ne6 Bxe6 19.
dxe6 Qe7 20. Qb3 c6 $17 {KD3}) (18. c5 Nh4 19. cxd6 Nxg2 20. Ne6 Bxe6 21. dxe6
cxd6 22. Kxg2 Qe7 23. Qxd6 Rfe8 24. Bg1 Qxd6 25. Nxd6 Rxe6 26. Rad1 Re7 $11 {
KD3}) 18... Nh4 19. gxh4 Rxf4 $15 20. Bg3 (20. Qd2 Rg4 21. Kh1 Bf5 22. Rfe1
Rxg2 23. Kxg2 Bg4 24. h3 Bf3+ 25. Kg3 Bh5 26. Rc3 Qe7 27. Bd4 Rf8 28. Nf2 $11 {
KD3}) 20... Rxf1+ 21. Qxf1 Ng4 (21... b6 22. Re1 Bf5 $17 {KD3}) 22. Qe2 $11 (
22. c5 $11 {why else is the R on c1}) 22... Bf5 23. c5 Bd4+ 24. Kh1 Be5 25.
cxd6 cxd6 26. Bh3 (26. h5 $11 {KD3}) 26... Bxg3 (26... h5 $15 {KD3}) 27. Bxg4 (
27. Nxg3 Qxh4 $19) (27. hxg3 Bxe4+ $19) 27... Be5 (27... Bxe4+ 28. Qxe4 Qxh4
29. Qxg6+ Kh8 30. h3 Rg8 31. Qf7 Qg5 32. Rc7 Rg7 33. Rc8+ Rg8 34. Bf5 Qg7 $11 {
Kd3}) 28. Bxf5 gxf5 29. Ng3 (29. Rg1+ Kh8 30. Qh5 Bg7 31. Ng5 Qf6 32. Re1 Kg8
33. Re8+ Rxe8 34. Qxe8+ Bf8 35. Ne6 Qe7 36. Qb8 h5 $11 {KD3}) 29... Qf6 30. Rc7
Rf8 31. Qh5 (31. Qb5 f4 32. Qd7 Qg6 33. h5 Qb1+ 34. Kg2 fxg3 35. Qe6+ Kh8 36.
Qxh6+ Kg8 37. Qe6+ $11 {KD3}) 31... f4 (31... Rf7 32. Rc8+ Kh7 33. b3 $11 {KD3}
) 32. Ne4 (32. Qg4+ Kh8 33. Ne4) 32... Qf5 33. Qf3 (33. Qxf5 Rxf5 34. Rxb7 f3
35. Kg1 Bd4+ 36. Kf1 Rxd5 37. Rxa7 Bxb2 38. Rb7 Be5 39. Ng3 $11 {KD3}) 33...
Rf7 $19 (33... Kh8 34. h5 Rg8 35. Rc1 Qf7 $19 {KD3}) 34. Rxf7 Qxf7 (34... Kxf7
$1 $19) 35. b3 (35. Qg4+ Kh8 36. b3 Qxd5 37. Qf5 $11 b5 38. h5 a5 39. Qf8+ Kh7
40. Qf5+ {KD3}) 35... Kh8 (35... Qf5 36. Kg2 Kg7 37. Kf1 b5 38. h3 h5 39. Ke2
$11 {KD3}) 36. Ng3 (36. Qg4 Qxd5 37. Qf5 $11 Qg8 38. Nxd6 Bxd6 39. Qf6+ Qg7 40.
Qxd6 $11 {KD3}) 36... Qg6 $19 37. Qe4 (37. Ne4 Bd4 38. Qg2 Qh5 39. Qf1 Qf5 40.
Qf3 Be3 41. Ng3 Qe5 42. Nh5 Qa1+ $19 {KD3}) 37... Kg7 38. Qxg6+ Kxg6 39. Ne4
Kf5 $19 {passed pawn & B better than the N with pawns on both sides of the
board} 40. Nd2 Bc3 (40... b5 $1) 41. Nb1 Be1 (41... Bb4 42. a3 Bc5 43. b4 Bd4
44. Nd2 Ke5 {KD£}) 42. Kg2 Ke4 43. h5 b5 (43... Kd3) (43... Bb4) 44. Na3 a6
45. Nc2 Bc3 46. Kf2 Kd3 47. Na3 Bb2 0-1

[Event "West Wales Open"]
[Site "?"]
[Date "2022.11.13"]
[Round "4.2"]
[White "Morris, Charles F"]
[Black "Tapp, James"]
[Result "1/2-1/2"]
[WhiteElo "2093"]
[BlackElo "1956"]
[Annotator "kemen"]
[PlyCount "134"]
[EventDate "2022.11.12"]
[SourceVersionDate "2022.11.14"]

{[%evp 0,10,27,-22,-29,-28,5,5,5,9,15,5,-15]} 1. c4 e5 2. g3 c6 (2... Nc6 3.
Nc3 f5 4. Nf3 Nf6 5. d4 e4 6. Nh4 d5 7. Bg5 dxc4 8. e3 {Morris-Van Kemenade,
Rd2 WW Open 2022,1-0}) 3. d4 e4 4. Nc3 d5 5. e3 (5. Bg2 Nf6 {350 games, 51%
for Wh}) 5... Nf6 6. Qb3 {4-1-1} Be7 7. cxd5 (7. Bg2 {2-0}) (7. Bd2 O-O 8. Be2
b6 9. Rc1 Na6 10. Qa4 dxc4 11. Qxc4 Bb7 12. Qa4 Nc7 {Fasser-Nagy, Harkany
Tenkes Cup 1999,1/2-1/2}) 7... cxd5 8. Nh3 b6 (8... Na6 9. Nf4 (9. Bxa6 Bxh3)
9... Nc7 $17 {KomodoDragon3}) 9. Nf4 Bb7 10. Bb5+ Kf8 11. O-O Na6 (11... h5 $15
{KD3}) (11... Nc6 12. Qd1 h5 13. f3 a6 14. fxe4 axb5 15. e5 h4 16. g4 Kg8 17.
exf6 {KD3 thinks alternatives lose for Wh} Bxf6 18. Ncxd5 Rh6 19. h3 Ne7 20. e4
Nxd5 21. Nxd5 Bxd5 22. exd5 Rg6 23. Rf5 Qe7 $11 {KD3}) 12. f3 Nc7 (12... exf3
13. Rxf3 Nc7 14. Be2 h5 $11 {KD3}) 13. fxe4 dxe4 (13... Nxb5 14. Qxb5 dxe4 15.
Nh5 Nxh5 16. Qxh5 g6 17. Qe5 f6 18. d5 Kg7 19. Qxe4 Re8 $11 {KD3}) 14. Nh5 (14.
Bc4 Qe8 15. Bd2 $18 {KD3}) 14... Ncd5 (14... Nxb5 15. Qxb5 Nxh5 $11 {KD3}) 15.
Nxf6 (15. Bc4 $18 Rc8 16. Nxf6 Rxc4 17. Nxh7+ Rxh7 18. Qxc4 Nf6 19. Rf2 $18 {
KD3}) 15... Nxf6 16. Bc4 Bd6 (16... Qe8 17. Nb5 Rc8 18. Nxa7 Rxc4 19. Qxc4 h5
20. Qc7 Qa8 21. Nb5 Rh6 22. Bd2 Nd5 23. Qe5 Bf6 24. Qf5 Qd8 25. a4 $18 {KD3})
17. Bxf7 $18 Bxg3 18. hxg3 Qc7 19. Rf4 (19. Be6 $1 Qxg3+ 20. Kh1 Qh4+ 21. Kg2
Qg5+ 22. Kf2 $18 {KD3}) 19... g5 $2 (19... Qxf7 20. d5 Re8 21. d6 Kg8 22. Bd2
h6 23. Qxf7+ Kxf7 24. Nb5 Re5 25. Nxa7 Ke6 26. Bc3 Rg5 27. Raf1 Rxg3+ 28. Kh2
Rf3 29. Bxf6 gxf6 30. Nb5 Rxf4 31. Rxf4 Ke5 $11) 20. Nb5 (20. Rxf6 Kg7 21. Rf2
Qxg3+ 22. Kf1 Ba6+ 23. Ne2 $18 {KD3}) (20. Qe6 gxf4 21. Qxf6 Qxf7 22. Qxh8+ Ke7
23. Qe5+ Kf8 24. exf4 $18 {KD3}) 20... Qxf7 21. Qxf7+ (21. Rxf6 Qxf6 22. Bd2
$18 {KD3}) 21... Kxf7 $19 22. Rf5 Kg6 23. Nd6 (23. Re5) 23... Ba6 (23... Rad8
24. Nxb7 (24. Rxf6+ Kxf6 25. Nxb7 Rd7 $19) 24... Kxf5 25. Nxd8 Rxd8 26. Bd2 Kg4
27. Kg2 Nd5 (27... Rc8 28. Rc1 Rxc1 29. Bxc1 b5 $19) 28. Rc1 Rf8 29. Rc6 Rf3
30. Re6 Nxe3+ 31. Bxe3 Rxe3 32. Kf2 Rf3+ 33. Ke2 h5 34. Rxe4+ Kxg3 $19 {KD3}) (
23... Bc6 24. Bd2 (24. Rf1 Rad8 25. Nc4 Ng4 $19) 24... Rhd8 25. Rxf6+ Kxf6 26.
Rf1+ Ke6 27. Nf5 Rf8 28. g4 Bd5 29. Kg2 h5 30. Ng7+ Kd7 31. Nxh5 Rxf1 32. Kxf1
Rf8+ 33. Kg2 Bxa2 $19 {KD3}) 24. Rxf6+ (24. Re5 Rad8 25. Nf5) 24... Kxf6 25.
Nxe4+ Kf5 (25... Kg6 {KD3}) 26. Nf2 Rac8 $19 27. e4+ Kg6 28. Bd2 (28. Be3)
28... Rc2 29. Bc3 Rf8 30. Ng4 Kh5 (30... h5 31. Ne5+ (31. Ne3 Re2 32. Re1 Rf3
33. Rxe2 Bxe2 34. Nf5 Bd3 35. Ne7+ Kf6 36. Nc8 Bxe4 $19) 31... Kh6 32. Rd1 Rff2
$19 {KD3}) 31. Ne3 Re2 32. Re1 Rff2 (32... Rf3 33. Rxe2 Bxe2 34. g4+ Kg6 35.
Nd5 Rh3 36. Kg2 Bxg4 37. Ne7+ Kf7 38. Nc6 h5 $19 {KD3}) 33. d5 Rxe1+ $2 (33...
Rh2 34. Bd4 Rxe1+ 35. Kxh2 Re2+ 36. Kg1 Kg6 37. e5 Rd2 38. Bc3 Rd3 39. Kf2 h5
$19 {KD3}) 34. Bxe1 $2 (34. Kxf2 Re2+ 35. Kf3 Kg6 36. g4 Rh2 37. e5 $18 {KD3})
34... Re2 35. Bf2 Rxb2 $19 36. e5 Kg6 (36... Rxa2) 37. g4 Bb7 (37... Rxa2) 38.
Nf5 (38. a3) 38... Rd2 (38... Rb4 39. Ne3 Rb1+ 40. Kh2 Rb2 41. Kg1 (41. Kg3 Rd2
) 41... Rxa2 $19 {KD3}) (38... Bxd5 39. Ne7+ Kf7 40. Nxd5 Ke6 41. Nc7+ Kxe5 42.
a3 Kf4 43. Nd5+ Kxg4 44. Ne7 Kf3 $19 {KD3}) 39. d6 Rd1+ 40. Kh2 Kf7 41. Nd4 Bc8
42. Nc6 Bd7 (42... Bxg4) 43. Nb8 Bb5 (43... Bxg4) 44. Be3 Ke6 (44... h6 $19)
45. Bxg5 Kxe5 46. Be7 Ke6 (46... Kf4 $19 47. g5 $2 Rd2+ 48. Kh1 Kg3 {KD3}) (
46... Rxd6 {Second line of KD3; is simplest, as} 47. Bxd6+ Kxd6 48. Kg3 Kc7)
47. Kg3 Rc1 (47... Rxd6) 48. a4 Bd3 (48... Bxa4) 49. Bg5 Rc3 50. Bf4 Bb5+ 51.
Kh4 Bxa4 52. Na6 Rc4 53. Nc7+ Kd7 (53... Kf7 54. Kg3 Bd7 55. Nd5 b5 56. Ne3
Rxf4 57. Kxf4 Ke6 $19 {KD3}) 54. Kg5 Rxf4 (54... h6+ 55. Kf5 Bc2+ 56. Ke5 Re4+
57. Kd5 Rxf4 $19 {KD3}) 55. Kxf4 Kxd6 56. Na6 Bb5 57. Nb4 a5 58. Nc2 Bc4 (58...
Bd7) 59. Ke3 Ke5 60. Kd2 b5 61. Kc3 b4+ 62. Kb2 (62. Kxc4 Kf4 $19) 62... Be6
63. Ne3 Kd4 (63... Kf4 {looks simplest}) 64. Nc2+ Kd3 65. g5 Bf7 66. g6 Bxg6
67. Nxb4+ axb4 {Bl's time ran out} 1/2-1/2

[Event "West Wales Open"]
[Site "?"]
[Date "2022.11.13"]
[Round "4.3"]
[White "Shelgaonkar, Yogesh Vivek"]
[Black "Pleasants, Allan J"]
[Result "1/2-1/2"]
[WhiteElo "1375"]
[BlackElo "1981"]
[Annotator "kemen"]
[PlyCount "118"]
[EventDate "2022.11.12"]
[SourceVersionDate "2022.11.14"]

1. e4 g6 2. d4 Bg7 3. Nc3 d6 4. f4 Nf6 5. Nf3 O-O 6. Bd3 Na6 (6... Nc6) 7. O-O
c5 8. Bxa6 (8. d5 {1-2-1 Pleasants}) (8. e5 {main lines}) 8... cxd4 {main} 9.
Nxd4 bxa6 $17 10. e5 (10. Kh1 {48 games, 35 % for Wh}) (10. Nb3 {8 games 13 %
for Wh}) 10... dxe5 11. fxe5 Ng4 $19 12. Nf3 (12. Kh1 Bxe5 (12... Nxh2) 13. Nc6
Qxd1 14. Nxe7+ Kg7 15. Nxd1 Bb7 16. Re1 Bd6 17. b3 Rfe8 18. Bb2+ f6 19. h3 Nh6
$19 {Subira Navarro-Aviol Perez, Zaragosa Primavera op 2014,0-1}) 12... Nxe5 (
12... Qb6+ 13. Qd4 Nxe5 14. Qxb6 Nxf3+ 15. Rxf3 axb6 $19 {alternative}) 13.
Nxe5 Bxe5 14. Qf3 Bf5 $19 (14... Rb8 $19 {KomodoDragon3}) (14... Be6 $19 15.
Bh6 {Deep Fritz13}) 15. Bh6 Qd4+ 16. Kh1 Qh4 17. Bf4 Bxf4 18. Qxf4 Qxf4 19.
Rxf4 Bxc2 20. Nd5 e6 21. Nb4 Rac8 22. Rf2 Be4 (22... Bf5 {both Engines}) 23.
Nxa6 Rfd8 24. b4 Rc2 (24... Rc4 {KD3}) (24... Rd4 {DF13}) 25. Rxc2 Bxc2 26. Nc5
Rd2 27. a4 e5 (27... Rd4 {both Engines} 28. Na6 (28. b5 Rd5 29. Nb7 Bxa4 {KD3})
28... Bxa4 {DF13}) 28. Kg1 e4 29. Ra3 f5 30. a5 f4 31. b5 Rd1+ 32. Kf2 e3+ 33.
Ke2 Rd5 (33... Rd2+ 34. Ke1 (34. Kf1 Bd1 35. Ra1 f3 36. gxf3 Bxf3 37. Ne4 Rxh2
38. Ng3 Rg2 $19 {KD3}) 34... Rxg2 {both Engines}) 34. b6 axb6 (34... Rxc5 35.
b7 Rb5 36. Rc3 Bd1+ 37. Kxd1 Rxb7 $19 {KD3}) 35. axb6 Bd1+ 36. Ke1 Bg4 37. Nd3
Rb5 38. Ra1 Rxb6 (38... g5 $1 $19 {the b pawn is not going anywhere}) 39. Nxf4
$11 {with all the pawns on one side, the N is more useful than the B} Rb2 40.
h3 Bf5 41. Ra3 (41. g4 {both Engines}) 41... Be4 (41... Rf2 {both Engines} 42.
g4 (42. Nd5 Rxg2 43. Nxe3 Rg3 44. Kf2 Rxh3 45. Ra8+ Kg7 46. Nxf5+ gxf5 47. Kg2
{KD3 heads for the known drawing line with the separated F & h pawns- DF13's
solution is much easier to play in practice}) 42... Rxf4 (42... Bxg4 43. Nxg6
Bxh3 44. Ne5 Bf5 45. Rxe3 $11) 43. gxf5 Rxf5 44. Rxe3 $11 {DF13}) 42. Rxe3 Bxg2
43. Nxg2 Rxg2 44. Kf1 $11 Ra2 45. Kg1 Kg7 46. Rb3 h5 47. Rc3 Kh6 48. Rb3 Kg5
49. Rc3 Kf4 50. Rb3 Re2 51. Rb6 g5 52. Rb4+ Kg3 53. Rb3+ Kh4 54. Ra3 Rb2 55.
Rc3 Rd2 56. Ra3 g4 57. hxg4 hxg4 58. Rb3 g3 59. Rb8 {the classic drawing
method when the defending K is in front of the pawn, keep the R on the third
until the pawn advances there, then perpetual from behiond., keep the R on} Kh3
1/2-1/2

[Event "West Wales Open"]
[Site "?"]
[Date "2022.11.13"]
[Round "4.4"]
[White "Zeidler, Sven P"]
[Black "Gibbs, Dominic V"]
[Result "1-0"]
[WhiteElo "2148"]
[BlackElo "1860"]
[Annotator "kemen"]
[PlyCount "41"]
[EventDate "2022.11.12"]
[SourceVersionDate "2022.11.14"]

1. e4 c5 2. Nc3 d6 3. f4 Nc6 4. Nf3 g6 5. Bb5 Bd7 6. O-O Bg7 7. d3 {main} (7.
Bxc6 Bxc6 8. d3 Nf6 9. Qe1 Nd7 (9... e6) 10. Qh4 (10. f5 {1-3-2}) 10... h6 (
10... e6 11. Qg3 Qe7 {Vasilevich-Michielsen, Stork Young Masters, Hengelo,
2005 ,0-1}) 11. Bd2 Qc7 12. Rae1 g5 13. fxg5 hxg5 14. Qxg5 Bf6 15. Nd5 Bxd5 16.
Qxd5 e6 17. Qb3 O-O-O $18 {Zeidler-Scwartz, 4NCL feb 2022,0-1}) 7... Nf6 (7...
e6) (7... a6) 8. Bxc6 Bxc6 9. Qe1 e6 (9... O-O 10. Qh4 e6 {main}) 10. f5 Qe7 (
10... O-O 11. Qh4 exf5 12. Bg5 h6 13. Bxh6 Ng4 {2-1-2} (13... Bxh6 14. Qxh6 Ng4
{3 Wh wins, 2 draws})) 11. fxg6 {KomodoDragon3} (11. fxe6 Qxe6 {not yet played,
Cloud Engines}) 11... fxg6 (11... hxg6) 12. e5 (12. Bg5 h6 13. Bd2 O-O-O 14. e5
Nd7 15. exd6 Qxd6 16. Ne4 Bxe4 17. Qxe4 Qd5 18. Qxd5 (18. Rae1 $16) 18... exd5
19. c3 {Gauthier-Baran, Montreal Saturday op 2010,1.2-1/2}) 12... dxe5 (12...
Ng4 13. Bg5 Qd7 14. exd6 O-O 15. Be7 Rf5 16. Ne4 Bxb2 17. Rb1 Bg7 18. h3 Ne5
19. Nfg5 $18 {Turzo-Szalanczy, Budapest FS09, 2010,1-0}) 13. Nxe5 Bd7 (13...
O-O 14. Nxc6 bxc6 15. Bg5 h6 16. Bh4 g5 17. Bg3 Nh5 18. Bf2 $16 {KomodoDragon3}
) 14. Bg5 $18 O-O 15. Ne4 h6 16. Nxg6 Qf7 17. Ne5 (17. Rxf6 $1 {KD3}) 17... Qe7
18. Bxf6 Bxf6 19. Nxf6+ Rxf6 20. Rxf6 (20. Qg3+ Kh8 21. Rxf6 Qxf6 22. Rf1)
20... Qxf6 21. Qg3+ 1-0

[Event "West Wales Open"]
[Site "?"]
[Date "2022.11.13"]
[Round "4.5"]
[White "Musson, Adam J"]
[Black "Golding, William"]
[Result "1-0"]
[WhiteElo "1996"]
[BlackElo "1721"]
[Annotator "kemen"]
[PlyCount "31"]
[EventDate "2022.11.12"]
[SourceVersionDate "2022.11.14"]

{[%evp 0,14,17,13,16,39,72,-25,4,21,88,73,71,64,75,64,57]} 1. e4 e6 2. d4 d5 3.
Bd3 c5 (3... dxe4 {main}) 4. exd5 Qxd5 {63% for Wh} (4... exd5 {41% for Wh}) 5.
Nc3 Qxd4 (5... Qd8 6. Nf3 {61% Wh}) 6. Nf3 {66% Wh} (6. Nb5 Qd8 7. Bf4 Na6 {
67% Wh}) 6... Qd8 7. Bf4 a6 (7... Nf6 8. Qe2) 8. Qe2 Nf6 9. O-O-O $16 {2-0}
Nbd7 (9... Bd7 10. Rhe1 $18 {Cloud Engines}) 10. Ne4 (10. Ng5 $18 {
KomodoDragon3 & Stockfish15}) (10. Bc4 $18 {Stockfish10}) 10... Be7 (10... Nxe4
11. Bxe4 Be7 12. Kb1 Qb6 13. Ne5 $18 {KD3- in all these lines, Wh controls the
centre & Bl is severely undeveloped}) 11. Nd6+ Kf8 (11... Bxd6 {perhaps} 12.
Bxd6 Nd5 13. c4 Qb6 14. cxd5 Qxd6 15. dxe6 Qxe6 16. Rhe1 O-O 17. Bxh7+ $18 {KD3
}) 12. Nxf7 Kxf7 13. Ng5+ Ke8 14. Qxe6 (14. Nxe6 {also}) 14... Qb6 (14... Rf8
15. Bxh7 {mating}) 15. Qf7+ Kd8 16. Ne6+ (16. Rhe1 $1 {KD3}) 1-0

[Event "West Wales Open"]
[Site "?"]
[Date "2022.11.13"]
[Round "4.5"]
[White "Jukes, Sam"]
[Black "Van Kemenade, R."]
[Result "1-0"]
[WhiteElo "1914"]
[BlackElo "1940"]
[Annotator "kemen"]
[PlyCount "37"]
[EventDate "2022.11.13"]
[SourceVersionDate "2022.11.14"]

{[%evp 0,37,19,16,24,25,39,39,36,36,36,38,38,38,38,10,19,5,7,8,25,25,31,16,14,
-5,-19,2,-5,-16,37,-7,-19,-19,-25,-48,281,293,333,349]} 1. e4 e5 2. Nf3 Nf6 3.
Nxe5 d6 4. Nf3 Nxe4 5. Nc3 Nxc3 6. dxc3 Be7 7. Be3 O-O 8. Qd2 Nd7 9. O-O-O Nf6
10. Bd3 c5 11. h4 (11. Ng5 Qa5 12. Kb1 b5 13. c4 b4 14. Ne4 Rb8 15. g4 Bb7 16.
f3 Qb6 17. g5 Nxe4 18. Bxe4 Bxe4 19. fxe4 a5 20. h4 Qa6 21. b3 a4 22. e5 dxe5
23. Qd5 axb3 24. cxb3 Ra8 25. Qd2 Rfd8 26. Qh2 Qg6+ 27. Ka1 Qe4 $19 {Bl is now
winning after a seesaw game , but a little later grabbed the h pawn and lost-
Jukes-Van Kemenade, WLS blitz ch,jun 2022,1-0}) (11. Rhe1 {main}) 11... Be6 12.
h5 {Wh had specially prepared this with an Engine, thinking that the move was
a novelty. However Bl was happy just to take the offered pawn without too much
deliberation. In ( many) similar positions the B cannot be trapped without Wh
risking being mated.} (12. Kb1 {main}) 12... Bxa2 {the move Wh hoped Bl would
not play} (12... Qa5 {Cloud Engines. In Vaibhav-Xu, AbuDhabi op 2019,1-0. Bl
spent more than 30 mins analysing all the complications before playing this
move. ( There are different styles of play which players inhabit)} 13. a3 c4 {
Vaibhav calls this a mistake as it weakens the bl squares.} (13... h6 $1 14. g4
$11 (14. Bxh6 {does not work now} c4 15. Bg6 Bg4 $1 {threatens to block the h
file with Bxh5.})) 14. Be2 Ne4 15. Qd4 d5 16. h6 Bf6 17. hxg7 Bxd4 18. gxf8=Q+
Rxf8 19. Nxd4 Nxc3 20. bxc3 Qxc3 21. Rh5 Qxa3+ 22. Kd2 $18) (12... h6 {is what
Wh had prepared, when Bl needs to find the exact moves to hold the draw} 13.
Bxh6 gxh6 (13... c4 14. Bxg7 Kxg7 15. Qg5+ Kh8 16. Qh6+ Kg8 17. Bg6 $1 Re8 18.
Ne5 $1 {analysed by Vaibhav} dxe5 19. Rxd8 Raxd8 20. Bf5 Bxf5 21. Qg5+ Kh8 (
21... Kf8 22. Qxf5 e4 23. Qf4 Rd5 $11 {KomodoDragon3}) 22. Qxf5 Nh7 23. Qxf7
$18) 14. Qxh6 c4 15. Bg6 Re8 16. Ne5 dxe5 17. Rxd8 Raxd8 18. Bf5 {transposes
to Vaibhav's analysis}) 13. h6 (13. b3 a5 $1 14. Kb2 a4 15. Ra1 (15. b4 Be6 {
may be best}) (15. Kxa2 axb3+ 16. Kb2 Ra2+ 17. Kb1 (17. Kxb3 Qb6+ 18. Kxa2 Ra8+
) 17... Qb6) 15... axb3 16. cxb3 Qa5 17. Kc1 Qa3+ 18. Qb2 Qxb3 $19 {
KomodoDragon3}) 13... g6 14. Rhe1 (14. Bg5 {White gets enourmous compensation
thanks to Black's dark squared weaknesses and White's active pieces}) 14... Re8
(14... Be6 $11 {Cloud Engines & pm analysis} 15. Bg5 (15. Ng5 Qa5 16. Qe2 Bg4
17. f3 Bd7 $15 {KD3}) 15... Rc8 16. c4) 15. Bb5 Rf8 (15... Qa5 16. c4 Qxd2+ 17.
Bxd2 $18) 16. Bg5 Be6 17. Qe2 (17. Qe3) 17... Nd5 $2 {Bl gets lost in thinking
about various posibilities at this point.} (17... Ng4 {KomodoDragon3}) (17...
Nh5 18. Bxe7 Qxe7 19. Qe3 Rad8 20. Ng5 Qf6 21. Ne4 Qe7 22. f3 a6 23. Bf1 Rfe8
24. c4 $16 {KD3}) (17... d5 18. Qe5 a6 19. Bf1 b5 20. c4 bxc4 21. Bxc4 Bd6 22.
Qc3 d4 23. Nxd4 cxd4 24. Qxd4 Be7 25. Qc3 Qb6 26. Re4 Qc6 27. Rde1 Bxc4 28.
Rxe7 Bd5 29. Qxc6 Bxc6 30. Bxf6 Bxg2 31. c4 $18 {KD3- clearly all forced}) 18.
Rxd5 {the idea had been to exchange on g5 before taking the R!} Bxd5 19. Bxe7
1-0